000 00869nam a22002297a 4500
005 20240530110541.0
008 160514s2013 ua a g b 000 0 ara d
017 _a2013/5347
_bمصر . دار الكتب المصرية
020 _a9789773505097
040 _aEG-CaGPL
082 0 4 _221
_a166\
_bد م
100 1 _aدوب ، جوزيف
245 1 0 _aمبادئ المنطق الصورى القديم و الحديث /
_cتاليف جوزيف دوب ؛ ترجمة محمود اليعقوبى .
250 _aط.1
260 _aالقاهرة :
_bدار الكتاب الحديث ،
_c2013 .
300 _a279 ص ؛
_c24 سم .
504 _aيشتمل على ارجاعات ببليوجرافية .
650 0 4 _aالمنطق .
700 0 _aمحمود اليعقوبى
_eمترجم .
942 _2ddc
_cBK
999 _c62261
_d62261